<?xml version="1.0" encoding="UTF-8"?>
<marc:record xmlns:marc="http://www.loc.gov/MARC21/slim" type="Bibliographic">
   <marc:leader>00000pam a2200000 c 4500</marc:leader>
   <marc:controlfield tag="001">1056060476</marc:controlfield>
   <marc:controlfield tag="003">DE-101</marc:controlfield>
   <marc:controlfield tag="005">20171202002701.0</marc:controlfield>
   <marc:controlfield tag="007">tu</marc:controlfield>
   <marc:controlfield tag="008">140821s2015    gw ||||| m||| 00||||ger  </marc:controlfield>
   <marc:datafield ind1=" " ind2=" " tag="015">
      <marc:subfield code="a">15,A18</marc:subfield>
      <marc:subfield code="a">15,H05</marc:subfield>
      <marc:subfield code="z">14,N35</marc:subfield>
      <marc:subfield code="2">dnb</marc:subfield>
   </marc:datafield>
   <marc:datafield ind1="7" ind2=" " tag="016">
      <marc:subfield code="2">DE-101</marc:subfield>
      <marc:subfield code="a">1056060476</marc:subfield>
   </marc:datafield>
   <marc:datafield ind1=" " ind2=" " tag="020">
      <marc:subfield code="a">9783534264650</marc:subfield>
      <marc:subfield code="c">Pp. : EUR 59.95 (DE), EUR 61.70 (AT), sfr 79.00 (freier Pr.)</marc:subfield>
      <marc:subfield code="9">978-3-534-26465-0</marc:subfield>
   </marc:datafield>
   <marc:datafield ind1=" " ind2=" " tag="020">
      <marc:subfield code="a">3534264657</marc:subfield>
      <marc:subfield code="9">3-534-26465-7</marc:subfield>
   </marc:datafield>
   <marc:datafield ind1="3" ind2=" " tag="024">
      <marc:subfield code="a">9783534264650</marc:subfield>
   </marc:datafield>
   <marc:datafield ind1=" " ind2=" " tag="035">
      <marc:subfield code="a">(DE-599)DNB1056060476</marc:subfield>
   </marc:datafield>
   <marc:datafield ind1=" " ind2=" " tag="035">
      <marc:subfield code="a">(OCoLC)889428057</marc:subfield>
   </marc:datafield>
   <marc:datafield ind1=" " ind2=" " tag="040">
      <marc:subfield code="a">1245</marc:subfield>
      <marc:subfield code="b">ger</marc:subfield>
      <marc:subfield code="c">DE-101</marc:subfield>
      <marc:subfield code="d">9999</marc:subfield>
   </marc:datafield>
   <marc:datafield ind1=" " ind2=" " tag="041">
      <marc:subfield code="a">ger</marc:subfield>
   </marc:datafield>
   <marc:datafield ind1=" " ind2=" " tag="044">
      <marc:subfield code="c">XA-DE-HE</marc:subfield>
   </marc:datafield>
   <marc:datafield ind1="0" ind2="4" tag="082">
      <marc:subfield code="8">1\u</marc:subfield>
      <marc:subfield code="a">943.0860922</marc:subfield>
      <marc:subfield code="q">DE-101</marc:subfield>
      <marc:subfield code="2">22/ger</marc:subfield>
   </marc:datafield>
   <marc:datafield ind1="7" ind2=" " tag="083">
      <marc:subfield code="a">943</marc:subfield>
      <marc:subfield code="a">940</marc:subfield>
      <marc:subfield code="a">350</marc:subfield>
      <marc:subfield code="q">DE-101</marc:subfield>
      <marc:subfield code="2">23sdnb</marc:subfield>
   </marc:datafield>
   <marc:datafield ind1=" " ind2=" " tag="085">
      <marc:subfield code="8">1\u</marc:subfield>
      <marc:subfield code="b">943.086</marc:subfield>
   </marc:datafield>
   <marc:datafield ind1=" " ind2=" " tag="085">
      <marc:subfield code="8">1\u</marc:subfield>
      <marc:subfield code="z">1</marc:subfield>
      <marc:subfield code="s">0922</marc:subfield>
   </marc:datafield>
   <marc:datafield ind1=" " ind2=" " tag="090">
      <marc:subfield code="a">b</marc:subfield>
   </marc:datafield>
   <marc:datafield ind1="1" ind2=" " tag="100">
      <marc:subfield code="0">(DE-588)1068546832</marc:subfield>
      <marc:subfield code="0">http://d-nb.info/gnd/1068546832</marc:subfield>
      <marc:subfield code="0">(DE-101)1068546832</marc:subfield>
      <marc:subfield code="a">Gafke, Matthias</marc:subfield>
      <marc:subfield code="d">1984-</marc:subfield>
      <marc:subfield code="e">Verfasser</marc:subfield>
      <marc:subfield code="4">aut</marc:subfield>
   </marc:datafield>
   <marc:datafield ind1="0" ind2="0" tag="245">
      <marc:subfield code="a">Heydrichs "Ostmärker"</marc:subfield>
      <marc:subfield code="b">das österreichische Führungspersonal von Sicherheitspolizei und SD ; [1939-1945]</marc:subfield>
      <marc:subfield code="c">Matthias Gafke</marc:subfield>
   </marc:datafield>
   <marc:datafield ind1=" " ind2="1" tag="264">
      <marc:subfield code="a">Darmstadt</marc:subfield>
      <marc:subfield code="b">WBG (Wiss. Buchges.), &#x98;[Abt. Verl.]&#x9c;</marc:subfield>
      <marc:subfield code="c">2015</marc:subfield>
   </marc:datafield>
   <marc:datafield ind1=" " ind2=" " tag="300">
      <marc:subfield code="a">329 S.</marc:subfield>
      <marc:subfield code="b">Ill.</marc:subfield>
      <marc:subfield code="c">23 cm</marc:subfield>
   </marc:datafield>
   <marc:datafield ind1=" " ind2=" " tag="336">
      <marc:subfield code="a">Text</marc:subfield>
      <marc:subfield code="b">txt</marc:subfield>
      <marc:subfield code="2">rdacontent</marc:subfield>
   </marc:datafield>
   <marc:datafield ind1=" " ind2=" " tag="337">
      <marc:subfield code="a">ohne Hilfsmittel zu benutzen</marc:subfield>
      <marc:subfield code="b">n</marc:subfield>
      <marc:subfield code="2">rdamedia</marc:subfield>
   </marc:datafield>
   <marc:datafield ind1=" " ind2=" " tag="338">
      <marc:subfield code="a">Band</marc:subfield>
      <marc:subfield code="b">nc</marc:subfield>
      <marc:subfield code="2">rdacarrier</marc:subfield>
   </marc:datafield>
   <marc:datafield ind1="1" ind2=" " tag="490">
      <marc:subfield code="a">Veröffentlichungen der Forschungsstelle Ludwigsburg der Universität Stuttgart</marc:subfield>
      <marc:subfield code="v">Bd. 27</marc:subfield>
   </marc:datafield>
   <marc:datafield ind1=" " ind2=" " tag="502">
      <marc:subfield code="a">Zugl. leicht überarb. Fassung von: Stuttgart, Univ., Diss., 2013</marc:subfield>
   </marc:datafield>
   <marc:datafield ind1="1" ind2="7" tag="610">
      <marc:subfield code="0">(DE-588)2021970-2</marc:subfield>
      <marc:subfield code="0">http://d-nb.info/gnd/2021970-2</marc:subfield>
      <marc:subfield code="0">(DE-101)004796756</marc:subfield>
      <marc:subfield code="a">Deutsches Reich</marc:subfield>
      <marc:subfield code="b">Reichssicherheitshauptamt</marc:subfield>
      <marc:subfield code="2">gnd</marc:subfield>
   </marc:datafield>
   <marc:datafield ind1=" " ind2="7" tag="648">
      <marc:subfield code="a">Geschichte 1939-1945</marc:subfield>
      <marc:subfield code="2">gnd</marc:subfield>
   </marc:datafield>
   <marc:datafield ind1=" " ind2="7" tag="650">
      <marc:subfield code="0">(DE-588)4071497-4</marc:subfield>
      <marc:subfield code="0">http://d-nb.info/gnd/4071497-4</marc:subfield>
      <marc:subfield code="0">(DE-101)040714977</marc:subfield>
      <marc:subfield code="a">Führungskraft</marc:subfield>
      <marc:subfield code="2">gnd</marc:subfield>
   </marc:datafield>
   <marc:datafield ind1=" " ind2="7" tag="650">
      <marc:subfield code="0">(DE-588)4075594-0</marc:subfield>
      <marc:subfield code="0">http://d-nb.info/gnd/4075594-0</marc:subfield>
      <marc:subfield code="0">(DE-101)040755940</marc:subfield>
      <marc:subfield code="a">Österreicher</marc:subfield>
      <marc:subfield code="2">gnd</marc:subfield>
   </marc:datafield>
   <marc:datafield ind1=" " ind2=" " tag="653">
      <marc:subfield code="a">(Produktform)Hardback</marc:subfield>
   </marc:datafield>
   <marc:datafield ind1=" " ind2=" " tag="653">
      <marc:subfield code="a">(VLB-WN)1556: Hardcover, Softcover / Geschichte/20. Jahrhundert (bis 1945)</marc:subfield>
   </marc:datafield>
   <marc:datafield ind1=" " ind2=" " tag="653">
      <marc:subfield code="a">(Zielgruppe)Allgemein</marc:subfield>
   </marc:datafield>
   <marc:datafield ind1=" " ind2=" " tag="653">
      <marc:subfield code="a">Österreich</marc:subfield>
   </marc:datafield>
   <marc:datafield ind1=" " ind2=" " tag="653">
      <marc:subfield code="a">Täter</marc:subfield>
   </marc:datafield>
   <marc:datafield ind1=" " ind2=" " tag="653">
      <marc:subfield code="a">Forschung</marc:subfield>
   </marc:datafield>
   <marc:datafield ind1=" " ind2=" " tag="653">
      <marc:subfield code="a">Hitler</marc:subfield>
   </marc:datafield>
   <marc:datafield ind1=" " ind2=" " tag="653">
      <marc:subfield code="a">Sicherheitspolizei</marc:subfield>
   </marc:datafield>
   <marc:datafield ind1=" " ind2=" " tag="653">
      <marc:subfield code="a">Vernichtungslager</marc:subfield>
   </marc:datafield>
   <marc:datafield ind1=" " ind2=" " tag="653">
      <marc:subfield code="a">Nationalsozialismus</marc:subfield>
   </marc:datafield>
   <marc:datafield ind1=" " ind2="7" tag="655">
      <marc:subfield code="0">(DE-588)4006804-3</marc:subfield>
      <marc:subfield code="0">http://d-nb.info/gnd/4006804-3</marc:subfield>
      <marc:subfield code="0">(DE-101)040068048</marc:subfield>
      <marc:subfield code="a">Biografie</marc:subfield>
      <marc:subfield code="2">gnd-content</marc:subfield>
   </marc:datafield>
   <marc:datafield ind1=" " ind2="7" tag="655">
      <marc:subfield code="0">(DE-588)4113937-9</marc:subfield>
      <marc:subfield code="0">http://d-nb.info/gnd/4113937-9</marc:subfield>
      <marc:subfield code="0">(DE-101)041139372</marc:subfield>
      <marc:subfield code="a">Hochschulschrift</marc:subfield>
      <marc:subfield code="2">gnd-content</marc:subfield>
   </marc:datafield>
   <marc:datafield ind1=" " ind2="7" tag="655">
      <marc:subfield code="a">Biographie</marc:subfield>
      <marc:subfield code="2">gnd</marc:subfield>
   </marc:datafield>
   <marc:datafield ind1="0" ind2="0" tag="689">
      <marc:subfield code="0">(DE-588)2021970-2</marc:subfield>
      <marc:subfield code="0">http://d-nb.info/gnd/2021970-2</marc:subfield>
      <marc:subfield code="0">(DE-101)004796756</marc:subfield>
      <marc:subfield code="D">b</marc:subfield>
      <marc:subfield code="a">Deutsches Reich</marc:subfield>
      <marc:subfield code="b">Reichssicherheitshauptamt</marc:subfield>
   </marc:datafield>
   <marc:datafield ind1="0" ind2="1" tag="689">
      <marc:subfield code="0">(DE-588)4071497-4</marc:subfield>
      <marc:subfield code="0">http://d-nb.info/gnd/4071497-4</marc:subfield>
      <marc:subfield code="0">(DE-101)040714977</marc:subfield>
      <marc:subfield code="D">s</marc:subfield>
      <marc:subfield code="a">Führungskraft</marc:subfield>
   </marc:datafield>
   <marc:datafield ind1="0" ind2="2" tag="689">
      <marc:subfield code="0">(DE-588)4075594-0</marc:subfield>
      <marc:subfield code="0">http://d-nb.info/gnd/4075594-0</marc:subfield>
      <marc:subfield code="0">(DE-101)040755940</marc:subfield>
      <marc:subfield code="D">s</marc:subfield>
      <marc:subfield code="a">Österreicher</marc:subfield>
   </marc:datafield>
   <marc:datafield ind1="0" ind2="3" tag="689">
      <marc:subfield code="A">z</marc:subfield>
      <marc:subfield code="a">Geschichte 1939-1945</marc:subfield>
   </marc:datafield>
   <marc:datafield ind1="0" ind2="4" tag="689">
      <marc:subfield code="A">f</marc:subfield>
      <marc:subfield code="a">Biographie</marc:subfield>
   </marc:datafield>
   <marc:datafield ind1="0" ind2=" " tag="689">
      <marc:subfield code="5">DE-101</marc:subfield>
      <marc:subfield code="5">DE-101</marc:subfield>
   </marc:datafield>
   <marc:datafield ind1="0" ind2="8" tag="776">
      <marc:subfield code="i">Online-Ausg.</marc:subfield>
      <marc:subfield code="z">9783534739059</marc:subfield>
   </marc:datafield>
   <marc:datafield ind1="0" ind2="8" tag="776">
      <marc:subfield code="i">Online-Ausg.</marc:subfield>
      <marc:subfield code="z">9783534739066</marc:subfield>
   </marc:datafield>
   <marc:datafield ind1="0" ind2="8" tag="776">
      <marc:subfield code="i">Online-Ausg.</marc:subfield>
      <marc:subfield code="a">Gafke, Matthias, 1984-</marc:subfield>
      <marc:subfield code="t">Heydrichs Ostmärker</marc:subfield>
      <marc:subfield code="d">Darmstadt : Wissenschaftliche Buchgesellschaft (WBG), 2015</marc:subfield>
      <marc:subfield code="h">Online-Ressource, 14 schw.-w. Ill., 2 schw.-w. Tab.</marc:subfield>
      <marc:subfield code="w">(DE-101)107435138X</marc:subfield>
   </marc:datafield>
   <marc:datafield ind1="2" ind2=" " tag="810">
      <marc:subfield code="a">Universität Stuttgart</marc:subfield>
      <marc:subfield code="b">Forschungsstelle Ludwigsburg</marc:subfield>
      <marc:subfield code="4">aut</marc:subfield>
      <marc:subfield code="t">Veröffentlichungen der Forschungsstelle Ludwigsburg der Universität Stuttgart</marc:subfield>
      <marc:subfield code="v">Bd. 27</marc:subfield>
      <marc:subfield code="w">(DE-101)025827111</marc:subfield>
      <marc:subfield code="w">(DE-600)2141705-2</marc:subfield>
      <marc:subfield code="9">227</marc:subfield>
      <marc:subfield code="7">as</marc:subfield>
   </marc:datafield>
   <marc:datafield ind1=" " ind2=" " tag="850">
      <marc:subfield code="a">DE-101a</marc:subfield>
      <marc:subfield code="a">DE-101b</marc:subfield>
   </marc:datafield>
   <marc:datafield ind1="4" ind2="2" tag="856">
      <marc:subfield code="m">B:DE-101</marc:subfield>
      <marc:subfield code="q">application/pdf</marc:subfield>
      <marc:subfield code="u">http://d-nb.info/1056060476/04</marc:subfield>
      <marc:subfield code="3">Inhaltsverzeichnis</marc:subfield>
   </marc:datafield>
   <marc:datafield ind1="4" ind2="2" tag="856">
      <marc:subfield code="m">X:MVB</marc:subfield>
      <marc:subfield code="q">text/html</marc:subfield>
      <marc:subfield code="u">http://deposit.dnb.de/cgi-bin/dokserv?id=4759406&amp;prov=M&amp;dok_var=1&amp;dok_ext=htm</marc:subfield>
      <marc:subfield code="3">Inhaltstext</marc:subfield>
   </marc:datafield>
   <marc:datafield ind1="r" ind2=" " tag="925">
      <marc:subfield code="a">ra</marc:subfield>
   </marc:datafield>
</marc:record>
